Konrad Adenauer Stiftung African Law Study Library (Record no. 739)
[ view plain ]
| 000 -LEADER | |
|---|---|
| fixed length control field | 00353nam a22001217a 4500 |
| 008 - FIXED-LENGTH DATA ELEMENTS--GENERAL INFORMATION | |
| fixed length control field | 230606b xxu||||| |||| 00| 0 eng d |
| 082 ## - DEWEY DECIMAL CLASSIFICATION NUMBER | |
| Classification number | 341.249 |
| Item number | HAM |
| 245 ## - TITLE STATEMENT | |
| Title | Konrad Adenauer Stiftung African Law Study Library |
| 260 ## - PUBLICATION, DISTRIBUTION, ETC. (IMPRINT) | |
| Place of publication, distribution, etc. | Nairobi,Kenya |
| Name of publisher, distributor, etc. | Rule of Law Program for Sub-Saharan Africa |
| Date of publication, distribution, etc. | November,2011 |
| 300 ## - PHYSICAL DESCRIPTION | |
| Extent | I,95p |
| 440 ## - SERIES STATEMENT/ADDED ENTRY--TITLE | |
| Volume/sequential designation | 8 |
| 942 ## - ADDED ENTRY ELEMENTS (KOHA) | |
| Source of classification or shelving scheme | Dewey Decimal Classification |
| Koha item type | Books |
| Withdrawn status | Lost status | Source of classification or shelving scheme | Damaged status | Not for loan | Home library | Current library | Date acquired | Total Checkouts | Full call number | Barcode | Checked out | Date last seen | Price effective from | Koha item type |
|---|---|---|---|---|---|---|---|---|---|---|---|---|---|---|
| Dewey Decimal Classification | Bunge Tower Library | Bunge Tower Library | 06/06/2023 | 341.249 HAM | 10015753 | 01/27/2021 | 06/06/2023 | 06/06/2023 | Books | |||||
| Dewey Decimal Classification | Bunge Tower Library | Bunge Tower Library | 06/06/2023 | 341.249 HAM | 10015754 | 06/06/2023 | 06/06/2023 | Books |
